[Event "Paul Keres mem (47th)"]
[Site "Richmond CAN"]
[Date "2023.05.21"]
[Round "3.1"]
[White "Orlov, Georgi"]
[Black "Doknjas, Neil"]
[Result "1/2-1/2"]
[WhiteElo "2494"]
[BlackElo "2243"]
[PlyCount "39"]
[EventDate "2023.05.20"]
[EventType "swiss"]
[EventRounds "6"]
[EventCountry "CAN"]

1. d4 Nf6 2. Nf3 d5 3. c4 e6 4. Nc3 dxc4 5. e3 a6 6. a4 b6 7. Bxc4 Bb7 8. O-O
Bb4 9. Qe2 O-O 10. Bd3 c5 11. dxc5 Bxc5 12. e4 Qc7 13. e5 Nfd7 14. Bf4 f6 15.
Ne4 Nc6 16. Neg5 fxg5 17. Bxh7+ Kh8 18. Nxg5 Rxf4 19. Qh5 Qxe5 20. Bf5+ 1/2-1/2

[Event "Paul Keres mem (47th)"]
[Site "Richmond CAN"]
[Date "2023.05.21"]
[Round "3.2"]
[White "Mackinnon, Keith"]
[Black "Nunez Asencio, Jorge"]
[Result "1/2-1/2"]
[WhiteElo "2319"]
[BlackElo "2333"]
[PlyCount "95"]
[EventDate "2023.05.20"]
[EventType "swiss"]
[EventRounds "6"]
[EventCountry "CAN"]

1. e4 c5 2. Nf3 Nc6 3. d4 cxd4 4. Nxd4 g6 5. c4 Nf6 6. Nc3 d6 7. Be2 Nxd4 8.
Qxd4 Bg7 9. Be3 O-O 10. Qd2 a5 11. O-O a4 12. f3 Qa5 13. Rfc1 Be6 14. Rc2 Rfc8
15. Nb5 Qxd2 16. Rxd2 Bxc4 17. Na7 Rxa7 18. Bxa7 Bxe2 19. Rxe2 Nd7 20. Be3 a3
21. Rc1 Rxc1+ 22. Bxc1 Bd4+ 23. Kf1 axb2 24. Bxb2 Bc5 25. Bc1 Kf8 26. Rb2 b6
27. Rb3 Ke8 28. Be3 Kd8 29. Bxc5 dxc5 30. Ra3 Kc7 31. Ra7+ Kd6 32. g4 b5 33.
Ra8 b4 34. Rh8 c4 35. Ke2 b3 36. axb3 cxb3 37. Kd2 Ne5 38. f4 Nxg4 39. Rxh7 Ke6
40. Rh3 Nf6 41. Re3 Nh5 42. Rf3 b2 43. Kc2 Nf6 44. Re3 Nh5 45. f5+ gxf5 46.
exf5+ Kf6 47. Kxb2 Ng7 48. Kc3 1/2-1/2

[Event "Paul Keres mem (47th)"]
[Site "Richmond CAN"]
[Date "2023.05.21"]
[Round "3.3"]
[White "Fuentebella, Mayo"]
[Black "Sali, Zulfikar"]
[Result "0-1"]
[WhiteElo "2271"]
[BlackElo "2290"]
[PlyCount "100"]
[EventDate "2023.05.20"]
[EventType "swiss"]
[EventRounds "6"]
[EventCountry "CAN"]

1. c4 Nf6 2. Nc3 g6 3. e4 d6 4. d4 Bg7 5. f3 O-O 6. Be3 Nc6 7. Nge2 a6 8. Qd2
Rb8 9. Nc1 e5 10. Nb3 exd4 11. Nxd4 Re8 12. Be2 Bd7 13. O-O Nxd4 14. Bxd4 b5
15. b3 c5 16. Bxf6 Bxf6 17. Rac1 Bd4+ 18. Kh1 Qa5 19. Bd3 Bc6 20. Rc2 Qd8 21.
Ne2 Be5 22. Nf4 Qf6 23. Nd5 Bxd5 24. cxd5 Bd4 25. g3 h5 26. Kg2 Kg7 27. h4 Re7
28. Qg5 Qxg5 29. hxg5 a5 30. Rb1 Reb7 31. Rcc1 Be3 32. Re1 Bxg5 33. a4 bxa4 34.
bxa4 Rb2+ 35. Rxb2 Rxb2+ 36. Re2 Rb4 37. Bb5 Rd4 38. f4 Be7 39. Kf3 h4 40. gxh4
Bxh4 41. Bc6 g5 42. fxg5 Bxg5 43. Rb2 c4 44. Rc2 Bd2 45. Ra2 c3 46. Bd7 Kf6 47.
Bf5 Ke5 48. Ke2 f6 49. Bh7 Bc1 50. Rc2 Bb2 0-1

[Event "Paul Keres mem (47th)"]
[Site "Richmond CAN"]
[Date "2023.05.21"]
[Round "3.4"]
[White "He, Matthew"]
[Black "Villavieja, Butch"]
[Result "1/2-1/2"]
[WhiteElo "2061"]
[BlackElo "2209"]
[PlyCount "73"]
[EventDate "2023.05.20"]
[EventType "swiss"]
[EventRounds "6"]
[EventCountry "CAN"]

1. d4 Nf6 2. Nf3 g6 3. Bf4 Bg7 4. e3 O-O 5. h3 d6 6. Be2 Nc6 7. O-O h6 8. Nbd2
Nd7 9. c3 e5 10. Bh2 f5 11. a4 Kh8 12. a5 a6 13. Qb1 Qe8 14. dxe5 Ndxe5 15. Nd4
g5 16. Re1 f4 17. exf4 gxf4 18. N2f3 Qf7 19. Bd3 Nxd3 20. Qxd3 Ne5 21. Qe4 Ng6
22. Ne6 Bxe6 23. Qxe6 Ne5 24. Nd4 Qh5 25. Qd5 f3 26. Ne6 fxg2 27. Bxe5 Bxe5 28.
Rxe5 dxe5 29. Nxf8 Rxf8 30. Re1 Re8 31. Re3 Qf5 32. Kxg2 c6 33. Qf3 Rg8+ 34.
Kh2 Rf8 35. Qxf5 Rxf5 36. Kg3 Kg7 37. Rd3 1/2-1/2

[Event "Paul Keres mem (47th)"]
[Site "Richmond CAN"]
[Date "2023.05.21"]
[Round "3.5"]
[White "Su, Ethan"]
[Black "Wang, Ted"]
[Result "1/2-1/2"]
[WhiteElo "2104"]
[BlackElo "1908"]
[PlyCount "119"]
[EventDate "2023.05.20"]
[EventType "swiss"]
[EventRounds "6"]
[EventCountry "CAN"]

1. d4 Nf6 2. c4 g6 3. Nc3 Bg7 4. g3 O-O 5. Bg2 d6 6. h3 Nbd7 7. e4 e5 8. Nf3 c6
9. O-O a5 10. Re1 Re8 11. Bg5 h6 12. Bxf6 Bxf6 13. d5 Nc5 14. Qc2 Qe7 15. Rad1
Bg7 16. Na4 Nxa4 17. Qxa4 Bd7 18. dxc6 bxc6 19. Qa3 Be6 20. Qxd6 Qxd6 21. Rxd6
Bxc4 22. b3 Be6 23. Rxc6 a4 24. Rb6 axb3 25. axb3 Reb8 26. Rxb8+ Rxb8 27. Nd2
h5 28. Bf1 Bh6 29. Nc4 Rxb3 30. Nxe5 Bg7 31. Nd3 Bd4 32. Kg2 Bc4 33. Nc1 Bxf1+
34. Kxf1 Rb2 35. Ne2 Bb6 36. Rc1 Kg7 37. h4 Ra2 38. Rc3 Ra4 39. Rb3 Ba5 40. e5
Ra1+ 41. Kg2 Ra2 42. Nf4 Bc7 43. Re3 Ra5 44. Nd3 Rd5 45. Kf3 Bb6 46. Nf4 Bxe3
47. Nxd5 Bd4 48. e6 fxe6 49. Nf4 Kf6 50. Nh3 Bb6 51. Ke4 Ba7 52. f3 Bb8 53. g4
Bg3 54. gxh5 gxh5 55. Nf4 Bxf4 56. Kxf4 e5+ 57. Ke4 Ke6 58. f4 exf4 59. Kxf4
Kf6 60. Ke4 1/2-1/2

[Event "Paul Keres mem (47th)"]
[Site "Richmond CAN"]
[Date "2023.05.21"]
[Round "3.6"]
[White "Patterson, Roger"]
[Black "Huang, Patrick"]
[Result "1/2-1/2"]
[WhiteElo "2004"]
[BlackElo "2212"]
[PlyCount "167"]
[EventDate "2023.05.20"]
[EventType "swiss"]
[EventRounds "6"]
[EventCountry "CAN"]

1. c4 b6 2. Nf3 Bb7 3. e3 Nf6 4. Be2 e6 5. O-O d5 6. b3 Bd6 7. Bb2 Nbd7 8. Nc3
a6 9. d4 O-O 10. Rc1 Qe7 11. Qc2 Rac8 12. Qb1 Ne4 13. Nxe4 dxe4 14. Nd2 f5 15.
c5 bxc5 16. Nc4 cxd4 17. Nxd6 cxd6 18. Bxd4 e5 19. Bb2 f4 20. Rxc8 Rxc8 21. Rc1
Rxc1+ 22. Qxc1 f3 23. Bf1 Nc5 24. Ba3 g6 25. Bxc5 dxc5 26. Qd2 Kg7 27. g3 Kf6
28. Bh3 Qc7 29. Qd7 Qxd7 30. Bxd7 Ke7 31. Bh3 c4 32. bxc4 Kd6 33. Kf1 Kc5 34.
Be6 a5 35. Ke1 Ba6 36. Kd2 Bxc4 37. Bxc4 Kxc4 38. Kc2 h5 39. h4 a4 40. Kd2 Kd5
41. Kc3 Ke6 42. Kd2 Kf5 43. Ke1 Kg4 44. Kf1 Kh3 45. Kg1 Kg4 46. Kf1 Kf5 47. Ke1
g5 48. hxg5 Kxg5 49. Kf1 h4 50. gxh4+ Kxh4 51. Kg1 Kh3 52. Kh1 Kg4 53. Kg1 Kf5
54. Kf1 Ke6 55. Ke1 Kd5 56. Kd2 Kc4 57. Kc2 Kb4 58. Kb2 a3+ 59. Kc2 Kc4 60. Kd2
Kb4 61. Kc2 Kc4 62. Kd2 Kd5 63. Kc3 Ke6 64. Kc4 Kf6 65. Kb3 Kg5 66. Kxa3 Kg4
67. Kb2 Kh3 68. a4 Kg2 69. a5 Kxf2 70. a6 Kxe3 71. a7 f2 72. a8=Q f1=Q 73. Qa7+
Ke2 74. Qa6+ Kf2 75. Qf6+ Ke1 76. Qxe5 Qd3 77. Qh8 e3 78. Qh4+ Kd1 79. Qa4+ Ke1
80. Qh4+ Kf1 81. Qf4+ Kg1 82. Qg4+ Kh2 83. Qh4+ Kg2 84. Qg4+ 1/2-1/2

[Event "Paul Keres mem (47th)"]
[Site "Richmond CAN"]
[Date "2023.05.21"]
[Round "3.7"]
[White "Pechisker, Alfred"]
[Black "Qu, Leo"]
[Result "1-0"]
[WhiteElo "2211"]
[BlackElo "2011"]
[PlyCount "147"]
[EventDate "2023.05.20"]
[EventType "swiss"]
[EventRounds "6"]
[EventCountry "CAN"]

1. d4 g6 2. c4 Bg7 3. e4 d6 4. Nc3 Nf6 5. f3 O-O 6. Bg5 c5 7. d5 a6 8. a4 e6 9.
Nge2 exd5 10. cxd5 Nbd7 11. Nc1 Rb8 12. Be2 h6 13. Be3 Ne5 14. Qd2 Kh7 15. O-O
Qa5 16. Ra3 Bd7 17. h3 g5 18. Kh2 Qc7 19. a5 Ng6 20. g3 b5 21. axb6 Rxb6 22.
Rxa6 Rxa6 23. Bxa6 Nh5 24. Bd3 Qc8 25. N1e2 Bxh3 26. Rf2 Ne5 27. Ng1 Bd7 28.
Be2 Nf6 29. Rf1 Ng6 30. Qc2 Kg8 31. Ra1 Re8 32. Kg2 g4 33. f4 h5 34. Bc4 h4 35.
Nge2 hxg3 36. Rh1 Qd8 37. Nxg3 Nh7 38. Kf2 Qe7 39. Bd3 Nhf8 40. Qd2 Rb8 41. Be2
Rb4 42. f5 Ne5 43. Bh6 f6 44. Nh5 Bh8 45. Nf4 Nh7 46. Ne6 Be8 47. Rh4 Ng5 48.
Nxg5 fxg5 49. Bxg5 Bf6 50. Bxf6 Qxf6 51. Rh6 Qf8 52. Qg5+ Qg7 53. Qxg7+ Kxg7
54. Rxd6 Bf7 55. Ke3 g3 56. Ra6 Rxb2 57. Kf4 g2 58. Ra1 Kf6 59. Rg1 Rc2 60.
Rxg2 Rxc3 61. Rh2 Nd7 62. Rh6+ Ke7 63. d6+ Kf8 64. Bb5 Nb6 65. e5 Nd5+ 66. Kg4
Re3 67. d7 Ke7 68. f6+ Ke6 69. d8=Q Kxe5 70. Qb8+ Ke4 71. Bd7 Kd4 72. Qb2+ Kd3
73. Rh3 c4 74. Bf5# 1-0

[Event "Paul Keres mem (47th)"]
[Site "Richmond CAN"]
[Date "2023.05.21"]
[Round "3.8"]
[White "Moura, Eduardo"]
[Black "Yang, Brian"]
[Result "1-0"]
[WhiteElo "2201"]
[BlackElo "1998"]
[PlyCount "49"]
[EventDate "2023.05.20"]
[EventType "swiss"]
[EventRounds "6"]
[EventCountry "CAN"]

1. d4 Nf6 2. Nf3 e6 3. Bg5 h6 4. Bh4 c5 5. e3 b6 6. Nbd2 Bb7 7. c3 Be7 8. Bd3
O-O 9. Qe2 d6 10. Bxf6 Bxf6 11. O-O-O Nd7 12. h4 Re8 13. g4 e5 14. dxe5 Nxe5
15. g5 Nxd3+ 16. Qxd3 Be5 17. gxh6 gxh6 18. Rhg1+ Kh8 19. Nxe5 dxe5 20. Qf5 Qe7
21. Nc4 Qe6 22. Qh5 Rad8 23. Rxd8 Rxd8 24. Nxe5 Rf8 25. Ng6+ 1-0

[Event "Paul Keres mem (47th)"]
[Site "Richmond CAN"]
[Date "2023.05.21"]
[Round "3.9"]
[White "Reid, Euan"]
[Black "Leong, Aiden"]
[Result "1/2-1/2"]
[WhiteElo "1923"]
[BlackElo "2083"]
[PlyCount "114"]
[EventDate "2023.05.20"]
[EventType "swiss"]
[EventRounds "6"]
[EventCountry "CAN"]

1. d4 Nf6 2. Nf3 e6 3. g3 b5 4. Bg2 Bb7 5. O-O Be7 6. a4 b4 7. c4 O-O 8. Nbd2
c5 9. Nb3 Na6 10. Be3 d5 11. Ne5 Qc7 12. Bf4 Nh5 13. Rc1 Nxf4 14. gxf4 dxc4 15.
Bxb7 Qxb7 16. Rxc4 Rac8 17. e3 Rfd8 18. Qf3 Qxf3 19. Nxf3 cxd4 20. Rxc8 Rxc8
21. Nfxd4 Bf6 22. Rd1 Kf8 23. Kf1 Ke7 24. Ke2 Nb8 25. e4 Bxd4 26. Rxd4 Rc2+ 27.
Rd2 Rxd2+ 28. Kxd2 Nd7 29. Kd3 Nb6 30. a5 Na4 31. Kc4 Nxb2+ 32. Kxb4 Kd6 33.
Kb5 Kc7 34. Ka6 Kb8 35. Nd4 Nd3 36. Nc6+ Ka8 37. Nxa7 Nxf2 38. Kb6 Nxe4 39. Nb5
Nd2 40. a6 Nc4+ 41. Kc5 Ne3 42. Kb6 Nd5+ 43. Kc6 Nxf4 44. Nd6 f6 45. Ne8 Ka7
46. Nxg7 Kxa6 47. Ne8 Nh5 48. Nc7+ Ka7 49. Nxe6 Kb8 50. Kd7 f5 51. Ng5 h6 52.
Nf3 Nf6+ 53. Ke6 Ng4 54. h3 Ne3 55. Ke5 Kc7 56. Kf4 Ng2+ 57. Kxf5 Kc6 1/2-1/2

[Event "Paul Keres mem (47th)"]
[Site "Richmond CAN"]
[Date "2023.05.21"]
[Round "3.10"]
[White "Barbosa Landre, Geraldo"]
[Black "Mohammed Qanee, Arpak Worya"]
[Result "0-1"]
[WhiteElo "1896"]
[BlackElo "2049"]
[PlyCount "128"]
[EventDate "2023.05.20"]
[EventType "swiss"]
[EventRounds "6"]
[EventCountry "CAN"]

1. d4 Nf6 2. Nf3 c5 3. d5 e6 4. c4 exd5 5. cxd5 d6 6. Nc3 g6 7. Bf4 Bg7 8. h3
a6 9. a4 O-O 10. e4 Nxe4 11. Nxe4 Re8 12. Qc2 f5 13. Nfd2 fxe4 14. Rb1 Bf5 15.
Be3 Bd4 16. Nc4 b5 17. axb5 axb5 18. Na3 Bxe3 19. fxe3 b4 20. Nc4 Qe7 21. Qf2
Nd7 22. g4 Rf8 23. gxf5 Rxf5 24. Qg3 Rxd5 25. Be2 Rf8 26. Ra1 Ne5 27. Nxe5 Rxe5
28. Rg1 Kg7 29. h4 Rf6 30. h5 g5 31. Ra8 d5 32. Kd2 Ref5 33. h6+ Rxh6 34. Rga1
Rd6 35. Bg4 Rf7 36. Bh5 d4 37. Qg4 dxe3+ 38. Kxe3 Rd3+ 39. Ke2 Qe5 40. Rg8+
Kxg8 41. Bxf7+ Kxf7 42. Ra7+ Kg6 43. Ra6+ Rd6 44. Rxd6+ Qxd6 45. Qxe4+ Kh6 46.
Qh1+ Kg7 47. Qb7+ Kf6 48. Qf3+ Ke7 49. b3 Qe5+ 50. Kd1 Qa1+ 51. Ke2 Qb2+ 52.
Kd1 Qd4+ 53. Ke2 Qe5+ 54. Kd1 h6 55. Qb7+ Kf6 56. Qc6+ Kf5 57. Qf3+ Ke6 58.
Qg4+ Kd6 59. Qc8 Qe6 60. Qa6+ Ke7 61. Qa8 Qxb3+ 62. Kc1 Qc3+ 63. Kb1 Qb3+ 64.
Kc1 Qa3+ 0-1

[Event "Paul Keres mem (47th)"]
[Site "Richmond CAN"]
[Date "2023.05.21"]
[Round "4.1"]
[White "Nunez Asencio, Jorge"]
[Black "Orlov, Georgi"]
[Result "0-1"]
[WhiteElo "2333"]
[BlackElo "2494"]
[PlyCount "66"]
[EventDate "2023.05.20"]
[EventType "swiss"]
[EventRounds "6"]
[EventCountry "CAN"]

1. d4 Nf6 2. Nf3 e6 3. c4 d5 4. Nc3 Nbd7 5. cxd5 exd5 6. Bf4 Bb4 7. Rc1 c5 8.
dxc5 Nxc5 9. Qd4 Qe7 10. a3 Ba5 11. Nd2 Ne6 12. Qa4+ Bd7 13. Qxa5 Nxf4 14. e3
d4 15. Nb5 dxe3 16. Nc7+ Kf8 17. Nxa8 e2 18. Nf3 Bc6 19. Ne5 exf1=Q+ 20. Kxf1
Bxg2+ 21. Kg1 b6 22. Rc8+ Ne8 23. Qb5 Bh3 24. Rxe8+ Qxe8 25. Qb4+ Qe7 26. Qxf4
f6 27. Qf3 Qxe5 28. Qxh3 Ke7 29. Qf3 Qg5+ 30. Kf1 Rc8 31. h4 Rc1+ 32. Ke2 Qb5+
33. Ke3 Qb3+ 0-1

[Event "Paul Keres mem (47th)"]
[Site "Richmond CAN"]
[Date "2023.05.21"]
[Round "4.2"]
[White "Sali, Zulfikar"]
[Black "Mackinnon, Keith"]
[Result "1-0"]
[WhiteElo "2290"]
[BlackElo "2319"]
[PlyCount "121"]
[EventDate "2023.05.20"]
[EventType "swiss"]
[EventRounds "6"]
[EventCountry "CAN"]

1. e4 c5 2. Nf3 e6 3. d4 cxd4 4. Nxd4 Nc6 5. Nxc6 bxc6 6. Bd3 Nf6 7. Nc3 d5 8.
Qe2 Be7 9. O-O O-O 10. b3 Nd7 11. Bb2 Nc5 12. Rfe1 a5 13. Rad1 Nxd3 14. Qxd3
Ba6 15. Qg3 Bh4 16. Qh3 Bf6 17. e5 Be7 18. Ne4 Bc8 19. Rd3 f5 20. exf6 Bxf6 21.
Nxf6+ gxf6 22. Rg3+ Kh8 23. Qh6 Ra7 24. Rg6 e5 25. Rxe5 Raf7 26. Reg5 Qe7 27.
h3 Be6 28. Rg3 c5 29. Rf3 d4 30. c3 Bd5 31. Rfg3 Qe1+ 32. Kh2 Qxf2 33. Ba3 d3
34. Rxd3 Be4 35. Rd2 Qxd2 36. Qxd2 hxg6 37. Bxc5 Rc8 38. b4 Kh7 39. Qd4 Bc6 40.
Qf2 Re8 41. Bd4 Re6 42. bxa5 Kg8 43. Bc5 Rd7 44. a6 Rd5 45. Bd4 Rf5 46. Qb2 Rb5
47. Qc2 Be4 48. Qe2 Ra5 49. a7 Bd5 50. Qb2 Rea6 51. Qb8+ Kg7 52. Qc7+ Bf7 53.
g4 Rxa2+ 54. Kg3 g5 55. h4 gxh4+ 56. Kxh4 Rg2 57. Qb7 Rga2 58. g5 Kg6 59. gxf6
Be6 60. Qe4+ Bf5 61. Qe8+ 1-0

[Event "Paul Keres mem (47th)"]
[Site "Richmond CAN"]
[Date "2023.05.21"]
[Round "4.3"]
[White "Doknjas, Neil"]
[Black "Fuentebella, Mayo"]
[Result "1-0"]
[WhiteElo "2243"]
[BlackElo "2271"]
[PlyCount "43"]
[EventDate "2023.05.20"]
[EventType "swiss"]
[EventRounds "6"]
[EventCountry "CAN"]

1. e4 c5 2. Nf3 e6 3. d4 cxd4 4. Nxd4 Nf6 5. Nc3 d6 6. g4 a6 7. g5 Nfd7 8. Rg1
Qc7 9. Be3 b5 10. a4 b4 11. Na2 Bb7 12. Bd3 d5 13. exd5 Qxh2 14. Nf3 Qh5 15.
dxe6 Bxf3 16. exd7+ Nxd7 17. Be2 Ne5 18. Qd4 f6 19. Bf4 Rd8 20. Qe3 Rd5 21. Qb3
h6 22. Qxd5 1-0

[Event "Paul Keres mem (47th)"]
[Site "Richmond CAN"]
[Date "2023.05.21"]
[Round "4.4"]
[White "Wang, Ted"]
[Black "Pechisker, Alfred"]
[Result "0-1"]
[WhiteElo "1908"]
[BlackElo "2211"]
[PlyCount "78"]
[EventDate "2023.05.20"]
[EventType "swiss"]
[EventRounds "6"]
[EventCountry "CAN"]

1. e4 c5 2. Nf3 d6 3. c3 Nf6 4. Be2 g6 5. O-O Bg7 6. Bb5+ Nbd7 7. Re1 a6 8. Bf1
O-O 9. d4 e5 10. Nbd2 b5 11. a4 Rb8 12. Bd3 Qb6 13. d5 c4 14. Bc2 Ng4 15. Qe2
f5 16. h3 Nh6 17. exf5 gxf5 18. Nf1 Nf6 19. Rd1 f4 20. Ng5 Nf7 21. Ne4 Nxe4 22.
Bxe4 Ng5 23. Nd2 Nxe4 24. Qxe4 Bf5 25. Qe1 Bc2 26. a5 Qc7 27. Ne4 Bxd1 28. Qxd1
h6 29. Bd2 Rbd8 30. Be1 f3 31. g3 Qf7 32. Kh2 Qg6 33. Nd2 e4 34. Nf1 Rf5 35.
Ne3 Rh5 36. h4 Be5 37. Kh1 Rd7 38. Bd2 Rg7 39. Qf1 Bxg3 0-1

[Event "Paul Keres mem (47th)"]
[Site "Richmond CAN"]
[Date "2023.05.21"]
[Round "4.5"]
[White "Villavieja, Butch"]
[Black "Aljo, Johan"]
[Result "1-0"]
[WhiteElo "2209"]
[BlackElo "2029"]
[PlyCount "102"]
[EventDate "2023.05.20"]
[EventType "swiss"]
[EventRounds "6"]
[EventCountry "CAN"]

1. e4 c6 2. d4 d5 3. exd5 cxd5 4. c4 Nf6 5. Nc3 Nc6 6. Nf3 Bg4 7. cxd5 Nxd5 8.
Qb3 Bxf3 9. gxf3 e6 10. Qxb7 Nxd4 11. Bb5+ Nxb5 12. Qc6+ Ke7 13. Qxb5 Qd7 14.
Nxd5+ Qxd5 15. Qxd5 exd5 16. Be3 Ke6 17. O-O-O Rc8+ 18. Kb1 Bc5 19. Rhe1 Bxe3
20. Rxe3+ Kd6 21. Ra3 Rhe8 22. Rxa7 Re2 23. Rxf7 Rcc2 24. Rb7 Rxf2 25. h4 Rce2
26. Rb5 Kc6 27. a4 Rxf3 28. Rdxd5 Rf4 29. a5 Re7 30. Rh5 g6 31. Rb6+ Kc7 32.
Rc5+ Kd7 33. h5 gxh5 34. Rxh5 Rc4 35. a6 Kc8 36. Rhb5 Ra7 37. Rb8+ Kc7 38.
R8b7+ Rxb7 39. Rxb7+ Kc6 40. Rxh7 Ra4 41. a7 Kb6 42. Kc2 Rxa7 43. Rxa7 Kxa7 44.
Kb3 Ka6 45. Ka4 Kb6 46. Kb4 Ka6 47. Kc5 Kb7 48. Kb5 Ka7 49. Kc6 Kb8 50. Kb6 Ka8
51. b4 Kb8 1-0

[Event "Paul Keres mem (47th)"]
[Site "Richmond CAN"]
[Date "2023.05.21"]
[Round "4.6"]
[White "He, Matthew"]
[Black "Moura, Eduardo"]
[Result "1-0"]
[WhiteElo "2061"]
[BlackElo "2201"]
[PlyCount "127"]
[EventDate "2023.05.20"]
[EventType "swiss"]
[EventRounds "6"]
[EventCountry "CAN"]

1. d4 c5 2. d5 Nf6 3. c4 b5 4. cxb5 a6 5. bxa6 g6 6. Nc3 Bg7 7. e4 O-O 8. Nf3
Qa5 9. Bd2 Bxa6 10. Bxa6 Qxa6 11. Qe2 d6 12. Bg5 h6 13. Bh4 Nbd7 14. Nd2 Rfb8
15. Rb1 Ne5 16. Qxa6 Rxa6 17. Ke2 g5 18. Bg3 Nfd7 19. Rhc1 c4 20. Rc2 Rc8 21.
b3 cxb3 22. axb3 Ng6 23. Rbc1 Rb8 24. Na4 Raa8 25. Rc7 Nde5 26. Bxe5 Bxe5 27.
g3 g4 28. R1c6 Bf6 29. Nb6 Ra2 30. Rc8+ Rxc8 31. Rxc8+ Kg7 32. Nbc4 Bg5 33. Ne3
Bxe3 34. Kxe3 Rb2 35. Rc1 Ne5 36. Rb1 Rc2 37. b4 Rc3+ 38. Ke2 Nd7 39. b5 Nb6
40. Rb3 Rc1 41. Kd3 Na4 42. Rb1 Rc3+ 43. Kd4 Rc2 44. b6 Nc5 45. Ke3 Rc3+ 46.
Ke2 Nb7 47. Rb3 Rc1 48. Rb1 Rc3 49. f3 h5 50. f4 e6 51. dxe6 fxe6 52. Ra1 Rc6
53. Ra7 Rxb6 54. Nc4 Rb4 55. Nxd6 Rb2+ 56. Kd3 Rxh2 57. Rxb7+ Kg6 58. Kd4 h4
59. gxh4 g3 60. Rb1 Kh5 61. Ke5 Kg4 62. Rg1 Rxh4 63. f5 exf5 64. Nxf5 1-0

[Event "Paul Keres mem (47th)"]
[Site "Richmond CAN"]
[Date "2023.05.21"]
[Round "4.7"]
[White "Mohammed Qanee, Arpak Worya"]
[Black "Su, Ethan"]
[Result "0-1"]
[WhiteElo "2049"]
[BlackElo "2104"]
[PlyCount "66"]
[EventDate "2023.05.20"]
[EventType "swiss"]
[EventRounds "6"]
[EventCountry "CAN"]

1. Nf3 d5 2. g3 Nf6 3. Bg2 c5 4. O-O Nc6 5. d4 e6 6. a3 b6 7. dxc5 Bxc5 8. b4
Bd6 9. c4 Bb7 10. cxd5 Nxd5 11. Bb2 Nf6 12. Nd4 Qd7 13. Nb5 Rd8 14. Nxd6+ Qxd6
15. Qa4 O-O 16. Bxf6 gxf6 17. Nc3 a6 18. Rfd1 Qc7 19. b5 axb5 20. Qg4+ Kh8 21.
Nxb5 Qe5 22. a4 Na5 23. Bf3 Nb3 24. Rab1 Bxf3 25. exf3 Nd2 26. f4 Qe4 27. Nc3
Qc6 28. Rbc1 Nf3+ 29. Kg2 Rxd1 30. Nxd1 Ne1+ 31. Kf1 Qxc1 32. Kxe1 Rd8 33. Qf3
Qd2+ 0-1

[Event "Paul Keres mem (47th)"]
[Site "Richmond CAN"]
[Date "2023.05.21"]
[Round "4.8"]
[White "Huang, Patrick"]
[Black "Reid, Euan"]
[Result "1-0"]
[WhiteElo "2212"]
[BlackElo "1923"]
[PlyCount "127"]
[EventDate "2023.05.20"]
[EventType "swiss"]
[EventRounds "6"]
[EventCountry "CAN"]

1. d4 d5 2. Bf4 Nf6 3. e3 e6 4. Nf3 Bd6 5. Bg3 O-O 6. Nbd2 c5 7. c3 Qc7 8. Rc1
c4 9. Ne5 Nc6 10. f4 b5 11. Bh4 Be7 12. g4 Nxe5 13. dxe5 Ne4 14. Bxe7 Qxe7 15.
Nf3 b4 16. Qc2 Bd7 17. h4 bxc3 18. b3 cxb3 19. axb3 Qb4 20. Ng5 Rfc8 21. Bd3
Rab8 22. Nxe4 dxe4 23. Bxe4 Qxb3 24. Bxh7+ Kf8 25. Qxb3 Rxb3 26. Bc2 Rb2 27.
Rh2 Bb5 28. Rf2 a5 29. Ra1 a4 30. Kd1 Rd8+ 31. Kc1 Ke7 32. Ra3 Rc8 33. Rf3 Rb4
34. e4 Rc5 35. Rfxc3 Rbc4 36. Rxc4 Rxc4 37. Kb2 Rb4+ 38. Kc3 Rc4+ 39. Kd2 Rd4+
40. Ke3 Rb4 41. h5 Bc6 42. g5 Rc4 43. Bd3 Rc1 44. Kd4 Bd7 45. f5 f6 46. h6
fxe5+ 47. Kxe5 gxh6 48. f6+ Kf7 49. Kd6 Be8 50. gxh6 Rc6+ 51. Ke5 Rc5+ 52. Kd4
Rh5 53. e5 Rxh6 54. Rc3 Rh4+ 55. Kc5 Rf4 56. Bc2 Rf2 57. Kd6 Rd2+ 58. Bd3 Bb5
59. Rc7+ Ke8 60. f7+ Kf8 61. Kxe6 Rf2 62. Bxb5 a3 63. Rc8+ Kg7 64. Rg8+ 1-0

[Event "Paul Keres mem (47th)"]
[Site "Richmond CAN"]
[Date "2023.05.21"]
[Round "4.9"]
[White "Leong, Aiden"]
[Black "Wu, Nathan"]
[Result "1-0"]
[WhiteElo "2083"]
[BlackElo "1973"]
[PlyCount "55"]
[EventDate "2023.05.20"]
[EventType "swiss"]
[EventRounds "6"]
[EventCountry "CAN"]

1. Nf3 d5 2. g3 Nc6 3. d4 Bg4 4. Bg2 Qd7 5. O-O O-O-O 6. Ne5 Nxe5 7. dxe5 Bh3
8. Qd4 b6 9. Bxh3 Qxh3 10. a4 Qe6 11. Nc3 Qc6 12. a5 e6 13. axb6 axb6 14. Bg5
Be7 15. Bxe7 Nxe7 16. Ra7 Kd7 17. e4 Ra8 18. Rxa8 Qxa8 19. exd5 Nxd5 20. Rd1
Ke8 21. Nb5 Qc6 22. c4 Ke7 23. Na7 Qa4 24. cxd5 Qxa7 25. d6+ Ke8 26. d7+ Kd8
27. Qh4+ f6 28. exf6 1-0

[Event "Paul Keres mem (47th)"]
[Site "Richmond CAN"]
[Date "2023.05.21"]
[Round "4.10"]
[White "Taylor, Tristan"]
[Black "Qin, Kaiqi"]
[Result "1/2-1/2"]
[WhiteElo "2113"]
[BlackElo "1866"]
[PlyCount "38"]
[EventDate "2023.05.20"]
[EventType "swiss"]
[EventRounds "6"]
[EventCountry "CAN"]

1. e4 c6 2. d4 d5 3. e5 c5 4. dxc5 e6 5. a3 Bxc5 6. Qg4 g6 7. b4 h5 8. Qf4 Be7
9. Nf3 Nd7 10. Be2 Nh6 11. O-O g5 12. Nxg5 Nxe5 13. Bxh5 Rg8 14. Nxe6 Bxe6 15.
Qxe5 Kd7 16. Bb2 Bd6 17. Qf6 Qxf6 18. Bxf6 Bh3 19. Bf3 Rxg2+ 1/2-1/2

[Event "Paul Keres mem (47th)"]
[Site "Richmond CAN"]
[Date "2023.05.22"]
[Round "5.1"]
[White "Orlov, Georgi"]
[Black "Sali, Zulfikar"]
[Result "1-0"]
[WhiteElo "2494"]
[BlackElo "2290"]
[PlyCount "115"]
[EventDate "2023.05.20"]
[EventType "swiss"]
[EventRounds "6"]
[EventCountry "CAN"]

1. c4 Nf6 2. Nf3 g6 3. d4 Bg7 4. Nc3 d6 5. e4 O-O 6. Be2 e5 7. O-O Nbd7 8. Be3
Ng4 9. Bg5 f6 10. Bd2 h5 11. h3 Nh6 12. dxe5 Nxe5 13. Be3 Nxf3+ 14. Bxf3 f5 15.
Qd2 Kh7 16. Bg5 Qd7 17. Rfe1 Nf7 18. Be3 Ne5 19. Be2 Qf7 20. f4 Nxc4 21. Bxc4
Qxc4 22. Nd5 c5 23. b3 Qxe4 24. Bf2 Bxa1 25. Rxe4 fxe4 26. Nc7 Rb8 27. Qxd6 Bf5
28. Qxc5 Rf7 29. Qxa7 Rd8 30. Qb6 Rd1+ 31. Kh2 Rd2 32. Nb5 Rfd7 33. a4 Bg7 34.
Be3 R2d3 35. Na3 R7d6 36. Qb4 Rc6 37. Bf2 Rcc3 38. Nc4 Rxb3 39. Qe7 Rd7 40. Qe8
Bh6 41. Qb8 Rf7 42. Bd4 Rf8 43. Qc7+ Kg8 44. Qe5 Kh7 45. Nd6 Rd3 46. Nxe4 Bxe4
47. Qe7+ Kg8 48. Qxe4 Bxf4+ 49. Kh1 Rd1+ 50. Bg1 Rf6 51. Qxb7 Rc1 52. g3 Be3
53. Qb3+ Kh7 54. Qxe3 Rff1 55. Kg2 Rfd1 56. Qe7+ Kg8 57. Qe8+ Kg7 58. Bd4+ 1-0

[Event "Paul Keres mem (47th)"]
[Site "Richmond CAN"]
[Date "2023.05.22"]
[Round "5.2"]
[White "Pechisker, Alfred"]
[Black "Doknjas, Neil"]
[Result "1/2-1/2"]
[WhiteElo "2211"]
[BlackElo "2243"]
[PlyCount "158"]
[EventDate "2023.05.20"]
[EventType "swiss"]
[EventRounds "6"]
[EventCountry "CAN"]

1. d4 Nf6 2. c4 e6 3. Nf3 d5 4. Nc3 dxc4 5. e3 a6 6. a4 c5 7. Bxc4 Nc6 8. O-O
Be7 9. Qe2 O-O 10. Rd1 Qc7 11. b3 Rd8 12. Bb2 cxd4 13. exd4 Na5 14. Ne5 Nxc4
15. bxc4 Nd7 16. Ne4 f5 17. Nxd7 Bxd7 18. Ng3 f4 19. Ne4 f3 20. gxf3 Rac8 21.
Nd2 Qf4 22. Qe4 Bd6 23. Qxf4 Bxf4 24. c5 Bxd2 25. Rxd2 Rf8 26. Ra3 Bc6 27. Re2
Rf6 28. Ree3 Rcf8 29. Kg2 Bd5 30. h3 Rg6+ 31. Kf1 Bc4+ 32. Ke1 Rg1+ 33. Kd2 Rf1
34. Kc3 Bd5 35. Kb4 Rxf2 36. Bc3 R8xf3 37. Rxf3 Rxf3 38. Bd2 Rxa3 39. Kxa3 Kf7
40. Kb4 h6 41. h4 Kg6 42. a5 Kh5 43. Be1 g5 44. hxg5 hxg5 45. Kc3 Kg4 46. Bd2
Kh4 47. Kd3 g4 48. Ke2 Kh3 49. Kf2 g3+ 50. Kg1 Kg4 51. Bh6 Kf3 52. Bg7 Ke3 53.
Bf6 Kd3 54. Be5 g2 55. Kf2 Kc4 56. Kg1 b5 57. cxb6 Bb7 58. Bf4 Kxd4 59. Kf2 e5
60. Bg5 Kc4 61. Be3 Kb3 62. Bd2 e4 63. Be3 Ka4 64. Kxg2 Kxa5 65. Kf2 Kb4 66.
Ke2 Kb3 67. Kd2 a5 68. Kc1 Ka2 69. Kc2 a4 70. Bd4 Ba6 71. Bc5 Bc8 72. Bd4 Bb7
73. Bc5 Bd5 74. Bd4 a3 75. Bc5 Bc6 76. Bd4 Bd5 77. Bc5 e3 78. Bxe3 Be4+ 79. Kc1
Bf3 1/2-1/2